000 00525nam a22001937a 4500
005 20250807083205.0
008 250807b |||||||| |||| 00| 0 eng d
020 _a9789380247342
040 _aIN-DiNC
_cIN-DiNC
041 _dasm
082 _a891.4513
_bSAI
100 _aSaikia, Bhabendranath
_eauthor
245 _aRamyabhumi/
_cBy Bhabendranath Saikia
250 _a3rd ed.
260 _aGuwahati:
_bAssam book hive,
_c2016.
300 _a292p.
650 _aAssamese novel by Bhabendranath Saikia
942 _2ddc
_cBK
999 _c12185
_d12185